00783nam a22002177a 4500003000400000005001700004008004100021020001800062040003400080082002200114100003100136245006000167250002200227260005800249300004700307500008300354504002800437650001700465650003400482710004900516OSt20220606103140.0220602b ||||| |||| 00| 0 spa d a9786124109379 cBiblioteca Municipal de Cusco a155.25/O74SbO74S aOrtiz C., Pedrod1933-2011 aEl sistema de la personalidad /cPedro Ortiz Cabanillas aPrimera edición aLima :bUniversidad de Ciencias y Humanidades,c2016. a398 páginas. :bilustraciones. ;c24 cm. a"Este libro se publicó por primera vez en 1994, editado por el propio autor" aIncluye bibliografía. aPersonalidad aDesarrollo de la personalidad aUniversidad de Ciencias y Humanidades (Lima)